Statistiken für Europa Flaggen Quiz

Klicken Sie hier um das Quiz zu spielen!

Allgemein

  • Dieses Quiz wurde 144 mal gespielt
  • Das Durchschnittsergebnis liegt bei 26 aus 28

Antwortstatistiken

Antwort% Korrekt
Frankreich
100%
Schweden
100%
Belgien
99%
Dänemark
99%
Deutschland
99%
Italien
99%
Schweiz
99%
Spanien
99%
Vereinigtes Königreich
99%
Griechenland
98%
Norwegen
98%
Portugal
98%
Ukraine
98%
Finnland
97%
Niederlande
97%
Österreich
97%
Russland
97%
Irland
96%
Rumänien
96%
Kroatien
95%
Tschechien
95%
Island
92%
Luxemburg
92%
Bosnien und Herzegowina
88%
Serbien
86%
Bulgarien
85%
Ungarn
82%
Poland
32%

Verteilung der Resultate

Perzentil nach korrekt beantworteten Fragen

Anzahl Personen mit jedem Resultat

Ihre Resultats-Entwicklung

Sie haben dieses Quiz noch nicht gespielt